1898: enfoques y perspectivas

保存先:
書誌詳細
第一著者: González Vales, Luis E (著者)
フォーマット: 図書
言語:スペイン語
出版事項: San Juan, Puerto Rico Academia Puertorriqueña de la Historia 1997
主題:
タグ: タグ追加
タグなし, このレコードへの初めてのタグを付けませんか!

MARC

LEADER 00000nam a2200000 a 4500
001 UCQ2896
003 CL-VaPUC
005 20211020074436.0
008 980731e19970000PR |||||||||||||||||spa|d
999 |c 273634  |d 273632 
040 |c Pontificia Universidad Católica de Valparaíso 
082 0 4 |a 972.9505 GON 1997  |2 21 
100 |a González Vales, Luis E  |e author  |9 615103 
245 1 0 |a 1898:  |b  enfoques y perspectivas 
246 1 0 |a Simposio internacional de historiadores 
260 |a San Juan, Puerto Rico  |b Academia Puertorriqueña de la Historia  |c 1997 
300 |a 463 páginas 
583 |a last modification  |c 19980731 00:00:00  |k Rodrigo Vera 
650 0 |a Historia  |9 255047 
650 0 |a Diplomacia  |x RELACIONES INTERNACIONALES  |z CUBA  |z ESPAÑA  |z ESTADOS UNIDOS  |z FILIPINAS  |z PUERTO RICO  |9 256483 
852 |a BIBCUR 
942 |c BK  |2 ddc 
945 |d 19980731 00:00:00  |a aarredon 
952 |0 0  |1 0  |2 ddc  |4 0  |6 972_950500000000000_GON_1997  |7 0  |8 A  |9 309412  |a BIBHIS  |b BIBHIS  |d 2019-11-20  |i 3448169  |o 972.9505 GON 1997  |p 3448169  |r 2025-01-20  |t 1  |w 2019-11-20  |y BK  |k HIS